| 000 | 00546nam a22001817a 4500 | ||
|---|---|---|---|
| 005 | 20140613122507.0 | ||
| 010 | _aENG-110204 | ||
| 020 |
_a9788179981368 _c295.00 |
||
| 035 | _aEN-93736 | ||
| 037 | _bDBAD/PUB | ||
| 082 | _a658.3 | ||
| 100 | _aSudha, G.S. | ||
| 245 |
_aHuman resource development : _cby G.S. Sudha _bwith mini cases, problems and helpful hints / |
||
| 260 |
_aJaipur _bMalik and Co. _c2014 |
||
| 270 |
_a337, Chaura Rasta _bJaipur _e302003 |
||
| 300 |
_axvi,388p. _c23cm(pbk) |
||
| 942 |
_2ddc _cEN _mSUD _h658.3 |
||
| 999 |
_c85071 _d85071 |
||